| 000 | 01525nam0a22003371 4500 | ||
|---|---|---|---|
| 001 | v19\rc\1348882 | ||
| 005 | 20260406084218.0 | ||
| 035 | _a(NLR Aleph) 004494643 | ||
| 090 |
_a4665800 _c4665800 |
||
| 100 | _a20060512e18621862|||y0rusy50 ca | ||
| 101 | 0 | _arus | |
| 102 | _aRU | ||
| 105 | _aa z ||||| | ||
| 200 | 1 |
_aОрудия каменного и бронзового веков в Европе _f[Соч.] П.И. Лерха |
|
| 210 |
_a[Санкт-Петербург] _dценз. 1862 |
||
| 215 |
_a40 с., 3 л. ил. _d21 |
||
| 300 | _aОкончание статьи в 3-м вып. 4-го т. Известий... | ||
| 309 | _aБез тит. л. и обл. | ||
| 311 | _aИзвлеч. из 4 т. "Известий Имп. Археол. о-ва". Вып. 2, стб. 145-169 | ||
| 316 |
_aЭкз. РНБ (18.18.5.115): деф.: нет 2 л. ил. _5NLR: 18.18.5.115 |
||
| 488 | 0 |
_12001#$aИзвестия Императорского Археологического общества$vВып. 2, т. 4 _1215##$aСтб. 145-169 _tИзвестия Императорского Археологического общества |
|
| 700 | 1 |
_4070 _7ca _8rus _aЛерх _bП. И. _cвостоковед _f1827-1884 _gПетр Иванович _92650824 _3RU\NLR\AUTH\770278857 |
|
| 801 | 0 |
_aRU _bNLR _gpsbo |
|
| 801 | 0 |
_aRU _bRuMoRGB _2psbo |
|
| 801 | 1 |
_aRU _bProSoft-M _2rusmarc |
|
| 852 |
_aNLR _j18.18.5.115 |
||
| 899 |
_aRuMoRGB _jW 293/116 |
||
| 899 | _aБАН | ||
| 899 | _aНБ СПбГУ | ||
| 942 | _cBOOK | ||
| 980 | _aNB | ||